• AIU
  • Tony Wilmot Memorial Library

Varieties of English : (Record no. 67731)

MARC details
000 -LEADER
fixed length control field 01487nam a2200361 a 4500
001 - CONTROL NUMBER
control field 1128746
003 - CONTROL NUMBER IDENTIFIER
control field OSt
005 - DATE AND TIME OF LATEST TRANSACTION
control field 20231030141531.0
008 - FIXED-LENGTH DATA ELEMENTS--GENERAL INFORMATION
fixed length control field 940112s1993 enka b 001 0 eng
010 ## - LIBRARY OF CONGRESS CONTROL NUMBER
LC control number 94104705
020 ## - INTERNATIONAL STANDARD BOOK NUMBER
International Standard Book Number 0333589165 (hardcover :
Terms of availability $43.20)
020 ## - INTERNATIONAL STANDARD BOOK NUMBER
International Standard Book Number 0333589173 (pbk.)
040 ## - CATALOGING SOURCE
Original cataloging agency DLC
Transcribing agency DLC
050 00 - LIBRARY OF CONGRESS CALL NUMBER
Classification number PE1074.7
Item number .F74 1993
082 00 - DEWEY DECIMAL CLASSIFICATION NUMBER
Classification number 428.3/4
Edition number 20
100 1# - MAIN ENTRY--PERSONAL NAME
Personal name Freeborn, Dennis.
9 (RLIN) 55530
245 10 - TITLE STATEMENT
Title Varieties of English :
Remainder of title an introduction to the study of language /
Statement of responsibility, etc Dennis Freeborn with Peter French and David Langford.
250 ## - EDITION STATEMENT
Edition statement 2nd ed.
260 ## - PUBLICATION, DISTRIBUTION, ETC. (IMPRINT)
Place of publication, distribution, etc Houndmills, Basingstoke, Hampshire :
Name of publisher, distributor, etc Macmillan,
Date of publication, distribution, etc 1993.
300 ## - PHYSICAL DESCRIPTION
Extent xiii, 269 p. :
Other physical details ill. ;
Dimensions 24 cm.
490 1# - SERIES STATEMENT
Series statement Studies in English language
504 ## - BIBLIOGRAPHY, ETC. NOTE
Bibliography, etc Includes bibliographical references (p. 255-258) and index.
650 #0 - SUBJECT ADDED ENTRY--TOPICAL TERM
Topical term or geographic name as entry element English language
General subdivision Variation
-- Problems, exercises, etc.
9 (RLIN) 55531
650 #0 - SUBJECT ADDED ENTRY--TOPICAL TERM
Topical term or geographic name as entry element English language
General subdivision History
-- Problems, exercises, etc.
9 (RLIN) 55532
650 #0 - SUBJECT ADDED ENTRY--TOPICAL TERM
Topical term or geographic name as entry element English language
General subdivision Standardization
-- Problems, exercises, etc.
9 (RLIN) 55533
650 #0 - SUBJECT ADDED ENTRY--TOPICAL TERM
Topical term or geographic name as entry element English language
General subdivision Spoken English
-- Problems, exercises, etc.
9 (RLIN) 55534
700 1# - ADDED ENTRY--PERSONAL NAME
Personal name French, Peter.
9 (RLIN) 55535
700 1# - ADDED ENTRY--PERSONAL NAME
Personal name Langford, David.
9 (RLIN) 55536
830 #0 - SERIES ADDED ENTRY--UNIFORM TITLE
Uniform title Studies in English language (Houndmills, Basingstoke, Hampshire)
9 (RLIN) 55537
906 ## - LOCAL DATA ELEMENT F, LDF (RLIN)
a 7
b cbc
c orignew
d 3
e ncip
f 19
g y-gencatlg
942 ## - ADDED ENTRY ELEMENTS (KOHA)
Source of classification or shelving scheme Library of Congress Classification
Koha item type Books
Holdings
Withdrawn status Lost status Source of classification or shelving scheme Damaged status Not for loan Collection code Home library Current library Shelving location Date acquired Source of acquisition Cost, normal purchase price Total Checkouts Full call number Barcode Date last seen Copy number Price effective from Koha item type
    Library of Congress Classification     General Circulation AIU/NEGST - Tony Wilmot Memorial Library AIU/NEGST - Tony Wilmot Memorial Library General Stacks 10/19/2023 Purchase - Regent Book Supplies 44.80   PE 1074.7.F74 1993 T00652W3232 10/30/2023 1 10/30/2023 Books